000 00807nam a2200277 a 4500
001 53576
003 BD-RjUL
005 20211209080003.0
008 161018s2004 enk bd 001 0 eng
020 _a1403915334
020 _a9781403915337
035 _a(BD-RjUL)53698
040 _aDLC
_cDLC
_dDLC
_dBD-RjUL
_beng
041 _aeng
082 0 0 _a658
_223
_bSUK 2004
100 1 _aSutherland, Jonathan.
_9155498
245 1 0 _aKey concepts in Management /
_cJonathan Sutherland and Diane Canwell.
260 _aNew York :
_bPalgrave Macmillan,
_c2004.
300 _aix, 325 p. :
_bill. ;
_c21 cm.
490 _aPalgrave key concepts
500 _aIncludes index.
650 _aManagement
_9160432
700 1 _aCanwell, Diane.
_9155502
830 _aPalgrave key concepts
_9155503
942 _2ddc
_cBK
999 _c53576
_d53576